000 00453nam a2200193Ia 4500
003 OSt
005 20230504143348.0
008 210210b1933 xxu||||| |||| 00| 0 eng d
040 _cAL
041 _aeng
082 _a829/1036
100 _aStevenson (R L)
_997705
245 _aKidnapped
260 _aLondon
_bMacmillan & Co. Ltd.
_c1933
650 _aKidnapped
_997706
690 _aEnglish Fiction
_997707
906 _a017651
942 _2ddc
_cBK
999 _c137635
_d137635